00445nam a2200133Ia 4500008004100000100001600041245011100057245001600168260005900184260000900243650001800252650001500270856002600285170221s9999 xx 000 0 und d aMurat Sahin 3aAn Examination of Academic Studies Covering Israel Palestine Conflict Over its Reflections Through Media  cMurat Sahin bOnline Journal of Communication and Media Technologies c2012 xCommunication xMedia Arts uhttp://www.ojcmt.net/